00305nam a2200121Ia 4500008004100000100002100041245005300062260002600115300000800141650001000149942000700159999001700166190216s9999||||xx |||||||||||||| ||und|| aShylendra Sankar 0aHindi-Bharathiya Samskrithi Yevam Ardhavyavastha bPavan Prakashanc2010 a232 aHindi cBK c16862d16862